The Pretty Reckless - Only Love Can Save Me Now Lyrics - Statistics

General Stats
  • This quiz has been taken 8 times
  • The average score is 172 of 181
Answer Stats
Answer % Correct
a
100%
all
100%
and
100%
are
100%
be
100%
can
100%
dogs
100%
down
100%
Falling
100%
found
100%
free
100%
from
100%
gone
100%
i
100%
in
100%
is
100%
lost
100%
love
100%
me
100%
message
100%
no
100%
now
100%
of
100%
only
100%
out
100%
people
100%
save
100%
saved
100%
see
100%
so
100%
sound
100%
the
100%
to
100%
wanna
100%
world
100%
you
100%
blue
80%
crawling
80%
deep
80%
drowning
80%
hear
80%
Heavens
80%
sadness
80%
seas
80%
sends
80%
sky
80%
spitting
80%
swallow
80%
trees
80%
chained
60%
gods
60%
hands
60%
sickness
60%
soul
60%
their
60%
waves
60%
beneath
40%
fate
40%
madly
40%
saviors
40%
weight
20%
No matching quizzes found
Score Distribution
Percent of People with Each Score
Percentile by Number Answered
Your Score History
You have not taken this quiz